[Event "Moscow Alekhine op"]
[Site "Moscow"]
[Date "1992.??.??"]
[Round "?"]
[White "Bagirov, Vladimir"]
[Black "Sakaev, Konstantin"]
[Result "0-1"]
[WhiteElo "2500"]
[BlackElo "2540"]
[Annotator "Horn,Pe"]
[PlyCount "139"]
[EventDate "1992.10.??"]
[EventType "swiss"]
[EventRounds "9"]
[EventCountry "RUS"]
[SourceTitle "CBM 033"]
[Source "ChessBase"]
[SourceDate "1993.04.01"]
[SourceVersion "1"]
[SourceVersionDate "1993.04.01"]
[SourceQuality "1"]

1. Nf3 d5 2. b3 c5 3. Bb2 $6 (3. e3) 3... f6 $1 4. e4 {Keene 1977} dxe4 5. Nh4
Nh6 $17 (5... g5 6. Qh5+ Kd7) 6. Qh5+ g6 7. Qxc5 g5 $19 8. Bc4 Nd7 (8... gxh4
9. Qh5+ Kd7) 9. Qe3 Nb6 10. Be2 gxh4 11. Bh5+ Nf7 12. Nc3 Bg7 13. Qxe4 O-O 14.
O-O-O f5 15. Qxh4 e5 16. Qg3 f4 17. Qf3 Ng5 18. Qe2 Bf5 19. Bg4 Qd7 20. Bxf5
Qxf5 21. f3 Rac8 22. Kb1 Ne6 23. Qe4 Nd4 24. Qxf5 Rxf5 25. Ne4 Rc6 26. c3 Ne6
27. Rhe1 Rh5 28. h3 Rf5 29. Re2 Nd7 30. Ba3 Bf8 31. Bxf8 Kxf8 32. b4 b5 33.
Rde1 Kf7 34. Nf2 h5 35. Kb2 Rg5 36. Nd3 Kf6 37. Kb3 Ra6 38. h4 Rf5 39. Nf2 Ke7
40. Nd3 Kd6 41. Nb2 Nef8 42. a4 bxa4+ 43. Nxa4 Rc6 44. Nb2 Kc7 45. Ra1 a6 46.
Nc4 Ng6 47. Rd1 Nxh4 48. d4 exd4 49. Rxd4 Ng6 50. Na5 Rb6 51. Red2 Ngf8 52. Nc4
Re6 53. Nd6 Rff6 54. Rc4+ Kb6 55. Ne4 Rg6 56. Nc5 Nxc5+ 57. bxc5+ Kc6 58. Rxf4
Nd7 59. Rf5 Re5 60. Rf7 Nxc5+ 61. Kb4 a5+ 62. Kc4 Nb7 63. Rh7 Nd6+ 64. Kb3 Rb5+
65. Ka2 Rf6 66. Rb2 Rff5 67. g4 hxg4 68. fxg4 Rf3 69. Rh6 Rxb2+ 70. Kxb2 0-1

[Event "Interpolis"]
[Site "Tilburg"]
[Date "1992.10.12"]
[Round "2.2"]
[White "Chandler, Murray G"]
[Black "Andersson, Ulf"]
[Result "0-1"]
[WhiteElo "2575"]
[BlackElo "2605"]
[Annotator "Horn,Pe"]
[PlyCount "108"]
[EventDate "1992.10.08"]
[EventType "k.o."]
[EventRounds "7"]
[EventCountry "NED"]
[SourceTitle "CBM 032"]
[Source "ChessBase"]
[SourceDate "1993.02.01"]
[SourceVersion "1"]
[SourceVersionDate "1993.02.01"]
[SourceQuality "1"]

1. b3 d5 2. Bb2 Nf6 3. e3 g6 4. c4 Bg7 5. Nf3 (5. cxd5 Qxd5 6. Nc3 Qd8 7. Nf3
O-O 8. d4 c5 9. dxc5 Qa5 10. a3 {Gawehns-Seul, BL 86} Qxc5) 5... O-O (5... c5
6. cxd5 Qxd5 7. Nc3 (7. Bb5+ $5 Bd7 8. Bc4 Qf5 9. g4 $5 Qxg4 10. Bxf7+ $13 {
Hecht-Vaganian, Buenos Aires ol 1978}) 7... Qf5 8. d4 O-O 9. Bd3 Qh5 10. O-O (
10. Be2 cxd4 11. Nxd4 Qa5 12. O-O Rd8 13. Qc1 Bd7 14. Bf3 Qb6 15. Na4 Bxa4 16.
bxa4 Nd5 17. Rb1 Nc6 18. Ne6 $5 $14 {Yuferov-Alburt, URS 1977}) 10... Nc6 11.
Be2 Qf5 12. Na4 $14 {Smyslov-Tukmakov, Lvov zt 1978}) 6. cxd5 (6. Be2 c5 7.
cxd5 Qxd5 8. Nc3 Qf5 9. O-O Nc6 $10 {mit Zugumstellung Ostl-Smejkal BL 86/7})
6... Qxd5 (6... Nxd5 7. Bxg7 Kxg7 8. Qc1 $14) 7. Bc4 $5 (7. Nc3 {/\ d4}) 7...
Qf5 8. O-O c5 9. Ne5 $5 (9. d4) 9... Nfd7 10. f4 (10. g4 Qf6 11. f4) 10... Nxe5
11. fxe5 Qg5 (11... Qd7 $2 12. Rxf7 Rxf7 13. e6 $18) 12. Qf3 Nc6 $1 (12... Bxe5
13. Bxf7+ Kg7 14. Qd5) 13. d4 (13. Bxf7+ $2 Kh8 14. Qd5 (14. d4 Be6) 14... Nxe5
) 13... cxd4 14. exd4 Bf5 $1 15. Na3 Rad8 16. Qf2 a6 17. Rad1 e6 18. Be2 {
/\ Nc4} Be4 (18... b5 $2 19. Bf3 Ne7 $2 20. Bc1 $18) 19. Nc4 b5 20. Nd6 Bd5 21.
Bf3 $1 Qe7 22. Bxd5 exd5 23. Qf3 $1 {gegen f6} Rxd6 $5 {das hätte Petrosjan
vermutlich gefallen} 24. exd6 Qxd6 {der geringe weiße materielle Vorteil ist
schwer zu realisieren; die schwarzen Figuren sind äußerst lebendig.} 25. Kh1
Nd8 26. Bc1 Ne6 27. Be3 Qd7 28. Qf2 h5 29. Qd2 {/\ Bh6} Kh7 30. Rc1 f5 31. Qd3
Rf7 32. g3 Bf6 33. Rc2 Re7 34. Rfc1 Qe8 35. Rc8 Qf7 36. R8c6 Bg7 37. Rxa6 Qe8
38. Bd2 $2 (38. Bg1 Ng5 $13) 38... Nxd4 39. Rd6 Re2 {/\ Rxd2-+} 40. Bf4 Qe4+
41. Qxe4 fxe4 (41... dxe4 $5) 42. Rxd5 Nf3 43. g4 $8 g5 44. Bb8 (44. Rxg5 $5
Nxg5 45. Bxg5 hxg4) (44. Bg3 h4 45. Bb8 h3 $5 (45... e3)) 44... hxg4 45. Rd7 $6
(45. Rdc5 Rxa2 (45... e3 46. R5c2) 46. R5c2 Rxc2 47. Rxc2) 45... e3 46. Re7 Kg6
47. Bg3 Bd4 48. Rec7 Rxa2 49. R7c2 Rxc2 50. Rxc2 Kf5 51. Kg2 Ke4 52. Ra2 Bc3
53. Ra8 e2 54. Re8+ Kd3 0-1

[Event "RUS-ch"]
[Site "Krasnodar"]
[Date "2002.08.28"]
[Round "2"]
[White "Loginov, Valery A"]
[Black "Korotylev, Alexey"]
[Result "0-1"]
[WhiteElo "2526"]
[BlackElo "2558"]
[Annotator "Kostakiev,D"]
[PlyCount "70"]
[EventDate "2002.08.27"]
[EventType "swiss"]
[EventRounds "9"]
[EventCountry "RUS"]
[SourceTitle "CBM 091"]
[Source "ChessBase"]
[SourceDate "2002.11.12"]
[SourceVersion "1"]
[SourceVersionDate "2002.11.12"]
[SourceQuality "1"]

{By reversed color White willl play "Qeen's indien defance". Memorable is the
favorable David Bronstein's opinion about the normal Qeen's indien: " For
White is better to escape the possibility Black to apply it". The context is
that Black easily can receive equale chances.} 1. Nf3 c5 2. b3 $5 {1868-Owen,J}
Nc6 3. Bb2 {Having a temp more in reversed Qeen's indien waters White may hope
for advantage.} d5 4. e3 {/\Bb5xc6} a6 $5 {1868 Wisker,J} 5. d4 Nf6 (5... cxd4
6. Nxd4 Nf6 7. Be2 e6 8. Nd2 {1-0 Owen,J-Wisker,J/London 1868/EXT 2002 (33)})
6. Be2 (6. dxc5 $5) 6... cxd4 7. exd4 Bg4 (7... e6) 8. Nbd2 e6 9. O-O Be7 (9...
Bd6 $5 {0-1 Konstantinopolsky,A-Poljak,S/Riga 1954/EXT 2001 (52)}) (9... Rc8
10. c4 Bd6 11. Ne5 Bxe2 12. Qxe2 {0-1 Bely,A-Kurochkin,V/Kharkov UKR 2002/The
Week in Chess 378 (37)}) 10. Ne5 $146 (10. c4 O-O 11. Ne5 Bxe2 12. Qxe2 dxc4
13. Nxc6 bxc6 14. Nxc4 a5 {1/2-1/2 Aizpurua Blanco,J-Mikhalevski,A/Andorra
2001/CBM 83 ext (17)}) 10... Bxe2 11. Qxe2 Rc8 12. Ndf3 O-O 13. c4 dxc4 14.
bxc4 Nxe5 15. Nxe5 Bd6 (15... Qc7 $142 $5 $11) 16. f4 b5 (16... b6) 17. cxb5
axb5 {[#]} 18. f5 $6 (18. Qxb5 $1 Nd5 (18... Rc2 19. Qb3 $14) (18... Rb8 19.
Qe2) 19. Qe2 $14) 18... exf5 19. Rxf5 (19. Qxb5) 19... Bxe5 {[#]} (19... b4 $5
20. Qd3 (20. Raf1 Qe7) 20... Re8 $15) (19... Qe7 20. Qxb5 $14) 20. dxe5 $6 (20.
Rxe5 b4 21. a3 $14) 20... Qb6+ $132 21. Kh1 (21. Qf2 $11) (21. Rf2 $5 Nd5 22.
Qd3 Rfd8 23. Bd4 Qc6 24. Qg3 Qe6 25. Raf1 $11) 21... Nd5 22. e6 $2 (22. Rf3 $1
Rc4 (22... b4 23. Qd2 $1 Rfd8 24. a3 Nc3 25. Qf4 $14) 23. Raf1 $11) 22... Qxe6
23. Re5 (23. Qd3 Nc7 $15) 23... Qc6 24. Rd1 Nf4 $6 (24... Rcd8 $1 25. Rc1 (25.
Qf3 $2 Nf4 $19) 25... Qb7 26. Qe4 f6 27. Rh5 g6 28. Rh3 Rfe8 $17) 25. Qf1 (25.
Qg4 f6 (25... Ng6 26. Red5 Rfe8 $17) 26. Rf5 Ng6 $17 (26... Qc2 27. Rxf4 (27.
Rxb5 Rfd8 $19) 27... Qxb2 $17)) 25... f6 (25... Rcd8 26. Rc1 Qh6 $15) 26. Rf5
Qc2 27. Rxb5 (27. Rxf4 $5 Qxb2 28. a4 $1 (28. Rb1 Qxa2 29. Qxb5 Rc2 $17) 28...
bxa4 (28... b4 29. Rb1 $11) 29. Rxa4 Rfe8 (29... Rc7 30. Re4 f5 31. Rf4 $15)
30. Ra7 Qe5 31. Rdd7 Qg5 $15) 27... Rfd8 28. Re1 (28. Rc1 $142 $5 Qd3 $140 29.
Rxc8 $5 (29. Rb1 Qxf1+ 30. Rxf1 Nd3 31. Kg1 Rc2 32. Rd1 Re8 33. Bd4 Rxa2 34.
Kf1 Nf4 35. g3 Ne6 36. Rb2 Rxb2 37. Bxb2 $17) 29... Rxc8 30. Qxd3 Nxd3 31. h3
Rc2 32. Rb8+ Kf7 33. Rb7+ Kg6 34. Ba3 Rxa2 35. Bf8 h5 36. Rxg7+ (36. Rd7 Ra8
37. Rxg7+ Kf5 38. Rg3) 36... Kf5 $15) 28... Nd3 29. Rb1 $4 (29. Re2 $17) 29...
Nf2+ $2 (29... Rb8 $1 30. a4 Rxb5 31. axb5 Nxb2 $19) 30. Kg1 Rd1 $2 (30... Nd3
$17) 31. Rxd1 Nxd1 32. Bd4 $4 (32. Qe1 Nxb2 33. Rxb2 $1 $11) 32... Qd2 $19 33.
Rd5 Ne3 34. Bxe3 Qxd5 35. a4 Qe4 0-1

[Event "EU-chT (Men) 15th"]
[Site "Gothenburg"]
[Date "2005.08.05"]
[Round "7.2"]
[White "Karlsson, Lars"]
[Black "Graf, Alexander"]
[Result "0-1"]
[WhiteElo "2472"]
[BlackElo "2605"]
[Annotator "Marin,M"]
[PlyCount "132"]
[EventDate "2005.07.30"]
[EventType "team-swiss"]
[EventRounds "9"]
[EventCountry "SWE"]
[SourceTitle "CBM 109"]
[Source "ChessBase"]
[SourceDate "2005.11.14"]
[SourceVersion "1"]
[SourceVersionDate "2005.11.14"]
[SourceQuality "1"]
[WhiteTeam "Sweden II"]
[BlackTeam "Germany"]
[WhiteTeamCountry "SWE"]
[BlackTeamCountry "GER"]

1. Nf3 d5 2. b3 Nf6 3. Bb2 e6 4. g3 c5 5. Bg2 Nc6 6. O-O Be7 7. d3 $6 {The
setup chosen by White is perfecty viable against Black's system of development
based on Bg4 or Bf5 and the placement of the pawns on c6, d5, e6. However,
against the "Tarrasch" setup, White certainly risks to be left with a passive
bishop on b2, in case of a well timed closing of the long diagonal with ...d4
and ...e5. The fact that Black is 2 tempi down compared to a normal Benoni 
(his e-pawn reaches e5 in two steps, while reversing the colours in a known
opening always gives White an extra-tempo) is compensated by the fact that
White has spent 2 moves (b3 and Bb2) to place the bishop on a passive position.
Eventually, he will have to lose additional time to bring the bishop back into
play. I believe that White has to care more about the d4-square if he doesn't
want to end up in a worse position. He has several ways of doing this.} (7. d4
$5 {is a rare but interesting continuation in the spirit of the Gruenfeld
Defence. I guess that White cannot claim an advantage from the opening, but he
has chances to outplay his opponent in the middlegame.} cxd4 8. Nxd4 O-O 9. Nd2
Bd7 10. e3 Rc8 11. a3 a6 12. Re1 Nxd4 13. exd4 Qc7 14. c4 dxc4 15. bxc4 Qa5 16.
Re5 Qc7 17. Rc1 Rfd8 18. h3 Qb8 19. Re1 Bc6 20. d5 Bd7 21. Be5 $36 {1-0
Finegold,B (2490)-Moody,D/Eastpointe 1993/EXT 2001 (42)}) ({To my taste,} 7. e3
{is best.} O-O ({After} 7... d4 8. exd4 cxd4 9. Re1 O-O 10. c4 {we would reach
a normal Reti tabyia. The only difference is that from this move order Black
could try} dxc3 {although after} 11. dxc3 {White shouldn't be too unhappy
about his position.}) 8. d4 $5 ({This move isn't bad at all, but in fact, I
prefer} 8. c4 {which would actually transpose to a perfectly viable variation
of the Reti.}) 8... b6 9. Nbd2 Ba6 10. Re1 Rc8 $13 {1-0 Bakre,T (2458)-Blauert,
J (2390)/Budapest 2002/CBM 088 ext (31)}) ({If White intends to make
experiments with the structure that arose in the game, he should play} 7. c4 {
at once. Now, after} d4 $1 (7... O-O 8. e3 {would once again transpose to a
normal Reti.}) 8. e3 e5 {he has several ways of fighting for the initiative,
although objectively speaking he would be just fighting for equality:} 9. exd4
(9. d3 O-O 10. b4 cxb4 11. exd4 exd4 12. Nbd2 a5 13. Nb3 Bg4 $13 {[%csl Yd4]
1-0 Strikovic,A (2450)-Todorovic,G (2425)/Yugoslavia 1988/EXT 97 (26)}) (9. b4
cxb4 10. exd4 exd4 11. d3 a5 12. Nbd2 a4 13. Re1 O-O 14. Ne5 Nxe5 15. Rxe5 $13
{[%csl Yd4] 0-1 Ornstein,A (2430)-Bengtsson,B (2200)/Gothenburg 1975/MCD (49)})
9... exd4 10. Re1 O-O 11. d3 Bf5 (11... Qc7 12. Bc1 {[%cal Yc1f4]}) 12. Ne5 {
With this typical simplifying operation, White equalizes.} Nxe5 13. Rxe5 Bg4
14. Qf1 Qc7 15. Re1 Rae8 16. Nd2 Bd8 17. Ne4 $11 Nxe4 18. Bxe4 Qd7 19. Ba3 Ba5
$6 (19... b6 20. b4 Qa4 $1) 20. Bxc5 Bh3 21. Qe2 Bxe1 22. Qxe1 f5 23. Bd5+ Kh8
24. Qb4 $16 {1-0 Dontschev,P-Tschernieva,E/W-ch M corr 1990/Corr Nr. 1 (34)})
7... O-O 8. Nbd2 (8. c4 $5) 8... Qc7 9. e3 e5 10. c4 d4 11. Qe2 {If White
intends to exchange on d4, this is hardly a good square for the queen.} ({
However, after} 11. exd4 exd4 {White has not the manoeuvre Bc1-f4 at his
disposal, if we compare to a previous comment.}) 11... Bd7 12. Rfe1 ({Possibly,
} 12. e4 {would have offered more chances for counterplay.}) 12... Rae8 13. a3
a5 14. exd4 exd4 {[%cal Ye8e2]} 15. Qf1 {Black has managed to complete his
development, but his position remains rather passive. His main problem is that
he cannot exchange any minor piece, which would solve to a certain extent his
problems with the lack of space.} h6 16. Re2 (16. Ne4 Nh7 $1) 16... Bf5 17.
Rae1 a4 $1 18. Ne5 axb3 $15 {Black has more space and the better pawn
structure. White faces a long and unpleasant defence.} 19. Nxb3 Nxe5 20. Rxe5
Be6 21. Nd2 Bd6 22. R5e2 Bd7 23. Rxe8 Rxe8 24. Rxe8+ Nxe8 25. Qd1 Be7 26. Qb3
b6 27. Bc1 Qa7 28. Nf3 Bd6 29. h3 Kf8 30. Qc2 Qa4 31. Qe2 b5 32. Ne5 Bxe5 33.
Qxe5 Qd1+ 34. Kh2 Qxc1 35. Qxc5+ Kg8 36. Qxd4 Nf6 37. cxb5 Bxb5 38. a4 Ba6 39.
Qb6 Qc8 40. d4 Qc4 41. a5 h5 42. Qb8+ Kh7 43. Qe5 Qe6 44. Qc5 Qe2 45. d5 Ne4
46. Qe3 Qxe3 47. fxe3 Nd6 48. Kg1 Nb7 49. Kf2 Nxa5 50. Kf3 Kg6 51. Kf4 Kf6 52.
Ke4 Nb3 53. h4 Bc8 54. Kf4 Nc5 55. e4 Nd3+ 56. Ke3 Ne1 57. Bf1 Ke5 58. Bb5 Bg4
59. Ba4 f6 60. Bb3 Nf3 61. Bc2 Nd4 62. Ba4 Ne2 63. Bd1 Nxg3 64. Bxg4 hxg4 65.
d6 Kxd6 66. Kf4 Nh5+ 0-1

[Event "GBR-ch 98th"]
[Site "Sheffield"]
[Date "2011.08.04"]
[Round "10"]
[White "Short, Nigel D"]
[Black "Wells, Peter K"]
[Result "1-0"]
[WhiteElo "2687"]
[BlackElo "2489"]
[Annotator "Martin,A"]
[PlyCount "67"]
[EventDate "2011.07.24"]
[EventType "swiss"]
[EventRounds "11"]
[EventCountry "ENG"]
[SourceTitle "CBM 143 Extra"]
[Source "ChessBase"]
[SourceDate "2011.08.29"]
[SourceVersion "1"]
[SourceVersionDate "2011.08.29"]
[SourceQuality "1"]

1. b3 {A move that expresses Nigel's intention to invite an unclear game when
Peter might get into time trouble.} d5 2. Bb2 c5 3. e3 a6 $5 {Looks a little
strange, but not so bad at all. Black doesn't want to be worried by Bb5 at any
stage.} 4. Nf3 (4. g3 $5 {in the style of the English Defence, could also be
considered.}) 4... Nc6 5. d4 Bg4 6. Be2 e6 7. O-O Nf6 8. Nbd2 Rc8 9. c4 cxd4
$146 ({RR} 9... dxc4 10. Nxc4 Bxf3 11. Bxf3 cxd4 12. exd4 Be7 13. Ne3 Qb6 14.
d5 exd5 15. Nxd5 Nxd5 16. Bxd5 O-O 17. Qg4 g6 18. Rae1 Rce8 19. Re6 g5 20. Rxe7
Nxe7 21. Qxg5+ Ng6 22. Qh6 {1-0 Caputo,J-Sola,R/Buenos Aires 1995. Black is
certainly Kaputo in the final position.}) 10. Nxd4 Bxe2 11. Qxe2 Nxd4 12. Bxd4
{A rather quiet position has arisen, but one where White might hope for a
slight advantage.} Bc5 ({Black can try to solve his problems straightforwardly
with something like} 12... dxc4 13. Nxc4 b5 14. Ne5 Bc5 15. Bb2 O-O 16. Rfd1
Qb6 {but White still has a little something after} 17. Qf3) 13. Bxf6 $1 Qxf6
14. cxd5 exd5 15. Nf3 $14 {The unpleasantness of this position from Black's
perspective lies in the realization that he cannot win with any
half-reasonable play from White.} O-O 16. Rad1 Rfd8 17. Rd3 (17. Nd4 {was the
safest move, when Black can still of course fight after} g6 18. Rd3 Qe5 19.
Rfd1 Bd6 20. g3 Qe4 {but it really isn't that nice.}) 17... d4 {Naturally!
Play now sharpens considerably as both sides try to coordinate their pieces.} (
17... g6 18. Rfd1 Bb6 19. h3 Qe6 20. Qd2 Rc5 $14) 18. exd4 Bxd4 19. Qe4 $1 Bb6
20. Rxd8+ Rxd8 21. Qxb7 g6 22. b4 (22. g3 Re8 23. Kg2 $16 {looks like a less
complicated way.}) 22... Rd3 23. a4 Qd6 24. a5 Bc7 25. g3 Rb3 26. Rc1 Bd8 27.
Re1 Bf6 {Suddenly Nigel realized this was not so easy and plunged into thought.
Meanwhile Peter was very short of time.} 28. Re4 (28. Re8+ $1 Kg7 29. Kg2 Rxb4
30. Qc8 $16) 28... Qd1+ 29. Ne1 Kg7 (29... Bc3 30. Re8+ Kg7 31. Re7 {is a
short variation worth noting.}) 30. Kg2 Rb2 $2 $138 ({Black should return with
} 30... Qd6 {in order to keep the game going}) 31. Qxa6 $18 Bc3 32. Qc4 Qd2 (
32... Bxe1 33. Rxe1 Qxe1 34. Qd4+) 33. Nd3 Rc2 34. Re7 {An exciting game to
spectate and commentate on.} 1-0

[Event "Hastings 9596"]
[Site "Hastings"]
[Date "1996.??.??"]
[Round "1"]
[White "Conquest, Stuart"]
[Black "Luther, Thomas"]
[Result "1-0"]
[WhiteElo "2455"]
[BlackElo "2550"]
[Annotator "Mowsziszian,K"]
[PlyCount "77"]
[EventDate "1995.12.??"]
[EventType "tourn"]
[EventRounds "9"]
[EventCountry "ENG"]
[EventCategory "13"]
[SourceTitle "CBM 051"]
[Source "ChessBase"]
[SourceDate "1996.04.01"]
[SourceVersion "1"]
[SourceVersionDate "1996.04.01"]
[SourceQuality "1"]

1. b3 d5 2. e3 Nf6 3. Bb2 Bf5 4. Nf3 {Damenindisch im Anzug.} Nbd7 5. d3 h6 6.
Nbd2 e6 7. Qe2 $5 {Bereitet den Vorstoss e2-e4-e5 vor.} Bh7 8. Rg1 $1 (8. e4 $2
dxe4 9. dxe4 Nc5 {><e4} 10. e5 Nd5 $17 {><c2,f4}) 8... a5 9. a4 (9. a3 $6 a4
10. b4 c5 $36) 9... Bb4 10. g4 Qe7 11. h4 O-O-O 12. Nd4 $1 {Wenn 13...c7-c5
geschieht, wird das Feld b5 schwach, und im Falle von 13...e6-e5 das Feld f5.}
Ne8 13. h5 Nd6 14. Bg2 c6 (14... e5 $142 15. Nf5 Nxf5 16. gxf5 Qc5 17. c3 Bxc3
18. Rc1 d4 (18... Bxd2+ 19. Qxd2 Qb6 20. Bxd5 Bxf5 $13) 19. Bxc3 dxc3 20. Ne4
$13) 15. c3 Bc5 16. e4 dxe4 17. dxe4 {/\e4-e5 und nach Hans Kmoch hat Weiß am
Königsflügel den "Quartgriff" angesetzt.} e5 18. Nf5 Bxf5 19. gxf5 $16 {><g7}
Qh4 20. Bf3 Nf6 21. Rh1 $1 Qg5 22. Bc1 $1 Nd7 $8 23. Nc4 Qf6 24. Nxa5 Nxf5 25.
Nxc6 $1 (25. exf5 $2 e4 $1) 25... bxc6 26. exf5 e4 27. Qa6+ Kb8 28. Bf4+ Bd6
29. Bxd6+ Qxd6 30. Be2 $16 Nc5 31. Qb6+ Kc8 32. Rd1 Nd3+ 33. Kf1 Rd7 34. Rh4 $1
Re8 35. Qa6+ Kb8 36. Bxd3 Qf6 37. Rf4 Qg5 38. Qb6+ Rb7 39. Qxc6 1-0